Bài giảng thực hành hóa lý

Guardado en:
Detalles Bibliográficos
Autor principal: Nguyễn Khoái
Formato: Libro
Publicado: Huế ĐHSP Huế 1997
Materias:
Etiquetas: Agregar Etiqueta
Sin Etiquetas, Sea el primero en etiquetar este registro!
Thư viện lưu trữ: Trung tâm Học liệu Lê Vũ Hùng, Trường Đại học Đồng Tháp
LEADER 00831pam a22002778a 4500
001 00023823
005 20171026081022.0
008 110630s1997 ||||||Viesd
041 0 # |a Vie 
082 1 4 |a 541.071  |b B103GI 
100 0 # |a Nguyễn Khoái 
245 0 0 |a Bài giảng thực hành hóa lý  |c Nguyễn Khoái 
260 # # |a Huế  |b ĐHSP Huế  |c 1997 
300 # # |a 80tr.  |c 27 cm. 
500 # # |a ĐTTS ghi: Bộ GD và ĐT.ĐH Huế. Trường ĐHSP 
653 # # |a bài giảng 
653 # # |a hóa lý 
653 # # |a thực hành 
852 # # |b Kho giáo trình  |j KGT.0007645 
852 # # |b Kho mượn  |j KGT.0007645 
852 # # |j KGT.0007645 
910 0 # |d 30/06/2011 
980 # # |a Trung tâm Học liệu Lê Vũ Hùng, Trường Đại học Đồng Tháp